000 01778nam0a2200397 4500
001 RU\NLR\bibl\144298
005 20260405062957.0
010 _a5-7035-2311-7
_91000
021 _aRU
_b2000-48418
_92228
035 _a(NLR Aleph) 000141369
090 _a809301
_c809301
100 _a20010320d2000 |||y0rusy50 ca
101 0 _arus
102 _aRU
105 _aa |||||||||
200 1 _aОбыкновенные дифференциальные уравнения в примерах и задачах
_eУчеб. пособие для вузов
_fА. В. Пантелеев, А. С. Якимова, А. В. Босов
210 _aМ.
_cИзд-во МАИ
_d2000
215 _a378 с.
_cил.
_d20
225 1 _aУчебная литература
225 1 _aПрикладная математика в примерах и задачах
320 _aБиблиогр.: с. 371-373
606 0 _aОбыкновенные дифференциальные уравнения
_jУчебные издания для высших учебных заведений
_xРешение
_92240998
_3RU\NLR\auth\661344732
675 _a517.9(075.8)
_v3
_zrus
686 _a27.23
_2rugasnti
686 _a22.161.6я73
_2rubbk
686 _aВ161.6я73-41
700 1 _4070
_7ca
_8rus
_aПантелеев
_bА. В.
_cд-р физ.-мат. наук, мат. кибернетика
_f1955-
_gАндрей Владимирович
_94640
_3RU\NLR\AUTH\7721578
701 1 _aЯкимова
_gАльбина Степановна
_4070
701 1 _aБосов
_gАлексей Вячеславович
_4070
801 0 _aRU
_bRKP
_c20010320
_gPSBO
801 1 _aRU
_bRKP
_c20010320
801 2 _aRU
_bNLR
_c20100409
_grcr
942 _cBOOK
980 _aNB